期刊信息 |
| 索取号 |
G51/WGJY
|
| 题名 |
外国教育动态
|
| 作者 |
北京师范大学外国教育研究所
|
| 分册号 |
|
| 分册名 |
|
| 出版地 |
北京
|
| 出版者 |
北京师范大学出版社
|
| 标准刊号 |
1002-5324
|
| 出版频率 |
双月刊
|
| 中图法分类 |
G51
|
| 主题词 |
教育事业 世界
|
| 电子资源 | |
| |
|
| 000 | 01488nas002200397 45 | |
| 001 | 1196060677 | |
| 005 | 20120314153635.06 | |
| 011 | @a1002-5324@d¥1.20(1991) | |
| 091 | @aCN@b11-1515 | |
| 092 | @aCN@b2-466 | |
| 100 | @a19930621b19651991mkye0chiy0121 eb | |
| 101 | 0 | @achi |
| 102 | @aCN@b110000 | |
| 110 | @aagaz 0yu0 | |
| 200 | 1 | @a外国教育动态@AWAI GUO JIAO YU DONG TAI@f北京师范大学外国教育研究所@FBEI JING SHI FAN DA XUE WAI GUO JIAO YU YAN JIU SUO |
| 207 | 0 | @a试刊:1965,no.1(1965,1)~1965,no.3(1965,6);1965,no.1(1965,7)~1966,no.1(1966,1);no.1(1973,5)~no.22(1979,12);1980,no.1(1980,1)~1991,11)=总1~72 |
| 210 | @a北京@b北京市新街口外大街北太平庄(邮码100875)@c北京师范大学出版社@d1965~66;1973~91 | |
| 215 | @a101no.@d26cm | |
| 300 | @a1980年至1984年no.3由天津人民出版社出版 | |
| 300 | @a1980年以前为内部发行 | |
| 315 | @a休刊:1966,2~1973,4 | |
| 326 | @a双月刊@b1980~91 | |
| 326 | @a双月刊@b1965~66 | |
| 326 | @a不定期@b1973~79 | |
| 440 | 1 | @12001 @a比较教育研究 |
| 540 | 1 | @a外国 教育 动态@AWAI GUO JIAO YU DONG TAI |
| 541 | 1 | @aTrends foreign education@zeng |
| 606 | 0 | @a教育事业@x世界 |
| 690 | @aG51@v3 | |
| 690 | @aG51@v4 | |
| 690 | @aG51@v4 | |
| 701 | 0 | @a顾明远@AGU MING YUAN@4主编 |
| 711 | 02 | @a北京师范大学外国教育研究所@ABEI JING SHI FAN DA XUE WAI GUO JIAO YU YAN JIU SUO@4主办 |
| 801 | 0 | @aCN@bPFT@c20120314 |
| 905 | @a1@cQ@dG51@eWGJY@v总1~72@y1980~91 | |
| 905 | @a1@dG51@eWGJY@v试刊:1-3@y1965@v1966,no.4@y1966 | |
| 外国教育动态/北京师范大学外国教育研究所.-试刊:1965,no.1(1965,1)~1965,no.3(1965,6);1965,no.1(1965,7)~1966,no.1(1966,1);no.1(1973,5)~no.22(1979,12);1980,no.1(1980,1)~1991,11)=总1~72.-北京(北京市新街口外大街北太平庄(邮码100875)):北京师范大学出版社,1965~66;1973~91 |
| 101no.;26cm |
| 1980年至1984年no.3由天津人民出版社出版.-1980年以前为内部发行.-由:继承 |
| ISSN 1002-5324:¥1.20(1991) |
| ● |
| 相关链接: |
|
|
|
|